Score 0/135 Timer 15:00
2 Plays Today
head answer % Correct
Column 1 - MediumDr. Zhivago
74.7%
Column 2 - MediumDr. Zhivago
74.7%
Column 3 - MediumDr. Zhivago
74.7%
Column 1 - MediumHome Alone
72.4%
Column 2 - MediumHome Alone
72.4%
Column 3 - MediumHome Alone
72.4%
Column 1 - MediumEasy Rider
71.5%
Column 2 - MediumEasy Rider
71.5%
Column 3 - MediumEasy Rider
71.5%
Column 1 - MediumFunny Girl
69.5%
Column 2 - MediumFunny Girl
69.5%
Column 3 - MediumFunny Girl
69.5%
Column 1 - MediumFight Club
65%
Column 2 - MediumFight Club
65%
Column 3 - MediumFight Club
65%
Column 1 - MediumChinatown
64.8%
Column 2 - MediumChinatown
64.8%
Column 3 - MediumChinatown
64.8%
Column 1 - MediumExcalibur
64.6%
Column 2 - MediumExcalibur
64.6%
Column 3 - MediumExcalibur
64.6%
Column 1 - MediumThe Matrix
64.3%
Column 2 - MediumThe Matrix
64.3%
Column 3 - MediumThe Matrix
64.2%
Column 1 - MediumHalloween
62.7%
Column 2 - MediumHalloween
62.7%
Column 3 - MediumHalloween
62.7%
Column 1 - MediumSpartacus
62.6%
Column 2 - MediumSpartacus
62.6%
Column 3 - MediumSpartacus
62.6%
Column 1 - MediumAnastasia
60.2%
Column 2 - MediumAnastasia
60.2%
Column 3 - MediumAnastasia
60.2%
Column 1 - MediumStand By Me
59%
Column 2 - MediumStand By Me
59%
Column 3 - MediumStand By Me
59%
Column 1 - MediumHairspray
58.9%
Column 2 - MediumHairspray
58.9%
Column 3 - MediumHairspray
58.9%
Column 2 - MediumPaper Moon
58.7%
Column 1 - MediumPaper Moon
58.7%
Column 3 - MediumPaper Moon
58.7%
Column 1 - MediumAnnie Hall
58.6%
Column 2 - MediumAnnie Hall
58.6%
Column 3 - MediumAnnie Hall
58.6%
head answer % Correct
Column 1 - MediumWalkabout
55.5%
Column 2 - MediumWalkabout
55.5%
Column 3 - MediumWalkabout
55.5%
Column 1 - MediumNashville
53.9%
Column 2 - MediumNashville
53.9%
Column 3 - MediumNashville
53.9%
Column 1 - MediumManhattan
51.7%
Column 2 - MediumManhattan
51.7%
Column 3 - MediumManhattan
51.7%
Column 1 - MediumGallipoli
49.6%
Column 2 - MediumGallipoli
49.6%
Column 3 - MediumGallipoli
49.6%
Column 1 - MediumNinotchka
45.6%
Column 2 - MediumNinotchka
45.6%
Column 3 - MediumNinotchka
45.6%
Column 1 - DifficultBackdraft
44.9%
Column 2 - DifficultBackdraft
44.9%
Column 3 - DifficultBackdraft
44.9%
Column 1 - DifficultCat People
39.4%
Column 2 - DifficultCat People
39.4%
Column 3 - DifficultCat People
39.4%
Column 2 - DifficultGoldenEye
38.3%
Column 3 - DifficultGoldenEye
38.3%
Column 1 - DifficultGoldenEye
38.3%
Column 1 - DifficultDick Tracy
38.2%
Column 2 - DifficultDick Tracy
38.2%
Column 3 - DifficultDick Tracy
38.2%
Column 1 - DifficultEver After
36.1%
Column 2 - DifficultEver After
36.1%
Column 3 - DifficultEver After
36.1%
Column 1 - DifficultGet Shorty
36%
Column 2 - DifficultGet Shorty
36%
Column 3 - DifficultGet Shorty
36%
Column 1 - DifficultLove Story
35%
Column 2 - DifficultLove Story
35%
Column 3 - DifficultLove Story
35%
Column 1 - DifficultBowfinger
33.7%
Column 2 - DifficultBowfinger
33.7%
Column 3 - DifficultBowfinger
33.7%
Column 1 - DifficultObsession
32.2%
Column 2 - DifficultObsession
32.2%
Column 3 - DifficultObsession
32.2%
Column 1 - DifficultLimelight
30.9%
Column 2 - DifficultLimelight
30.9%
Column 3 - DifficultLimelight
30.9%
head answer % Correct
Column 1 - DifficultRoad House
30.4%
Column 2 - DifficultRoad House
30.4%
Column 3 - DifficultRoad House
30.4%
Column 1 - DifficultOld Yeller
29.6%
Column 2 - DifficultOld Yeller
29.6%
Column 3 - DifficultOld Yeller
29.6%
Column 1 - DifficultDead Again
29.2%
Column 2 - DifficultDead Again
29.2%
Column 3 - DifficultDead Again
29.2%
Column 1 - DifficultYoung Guns
27.7%
Column 2 - DifficultYoung Guns
27.7%
Column 3 - DifficultYoung Guns
27.7%
Column 1 - DifficultSuspicion
27.4%
Column 2 - DifficultSuspicion
27.4%
Column 3 - DifficultSuspicion
27.4%
Column 1 - DifficultSea of Love
27.1%
Column 2 - DifficultSea of Love
27.1%
Column 3 - DifficultSea of Love
27.1%
Column 1 - DifficultLocal Hero
26.1%
Column 2 - DifficultLocal Hero
26.1%
Column 3 - DifficultLocal Hero
26.1%
Column 1 - DifficultPollyanna
25.1%
Column 2 - DifficultPollyanna
25.1%
Column 3 - DifficultPollyanna
25.1%
Column 1 - DifficultManhunter
24.7%
Column 2 - DifficultManhunter
24.7%
Column 3 - DifficultManhunter
24.7%
Column 1 - DifficultSilverado
24.6%
Column 2 - DifficultSilverado
24.6%
Column 3 - DifficultSilverado
24.6%
Column 1 - DifficultDown By Law
23.8%
Column 2 - DifficultDown By Law
23.8%
Column 3 - DifficultDown By Law
23.8%
Column 1 - DifficultElizabeth
23%
Column 2 - DifficultElizabeth
23%
Column 3 - DifficultElizabeth
23%
Column 1 - DifficultCat Ballou
22.9%
Column 2 - DifficultCat Ballou
22.9%
Column 3 - DifficultCat Ballou
22.9%
Column 1 - DifficultTombstone
20.3%
Column 2 - DifficultTombstone
20.3%
Column 3 - DifficultTombstone
20.3%
Column 1 - DifficultEve's Bayou
14.7%
Column 2 - DifficultEve's Bayou
14.7%
Column 3 - DifficultEve's Bayou
14.7%

You're not logged in!

Compare scores with friends on all Sporcle quizzes.
OR
Log In

Sporcle TV

Today on Sporcle TV


Watch our educational content, quiz creation guides, and fun videos on Sporcle TV.

Show Comments

Extras

Top Quizzes Today


Score Distribution

Paid Content

Your Account Isn't Verified!

In order to create a playlist on Sporcle, you need to verify the email address you used during registration. Go to your Sporcle Settings to finish the process.

Report this User

Report this user for behavior that violates our Community Guidelines.

Details: